The interface effect
Αποθηκεύτηκε σε:
| Κύριος συγγραφέας: | |
|---|---|
| Μορφή: | Βιβλίο |
| Γλώσσα: | English |
| Δημοσίευση: |
Cambridge, UK; Malden, MA :
Polity Press,
2012
|
| Θέματα: | |
| Ετικέτες: |
Προσθήκη ετικέτας
Δεν υπάρχουν, Καταχωρήστε ετικέτα πρώτοι!
|
MARC
| LEADER | 00000nam a2200000 i 4500 | ||
|---|---|---|---|
| 001 | 1/42084 | ||
| 008 | 140214s2012 eng d | ||
| 020 | |a 978-0-7456-6253-4 | ||
| 035 | |l 10116685 | ||
| 040 | |a GR-MY-UA |b gre |e aacr | ||
| 041 | 0 | |a eng | |
| 082 | 0 | |a 303.4833 |2 (22) | |
| 100 | 1 | |a Galloway, Alexander R. |d 1974- | |
| 245 | 1 | 4 | |a The interface effect / |c Alexander R. Galloway |
| 260 | |a Cambridge, UK; Malden, MA : |b Polity Press, |c 2012 | ||
| 300 | |a xi, 170 σ.; |c 22 εκ. | ||
| 504 | |a Περιλαμβάνει βιβλιογραφία και ευρετήριο | ||
| 505 | 0 | |a Introduction: the computer as a mode of mediation -- The unworkable interface -- Software and ideology -- Are some things unrepresentable? -- Disingenuous informatics -- Postscript: we are the gold farmers. | |
| 650 | 0 | 0 | |a Human-computer interaction |x Philosophy. |
| 650 | 0 | 0 | |a Information society. |
| 650 | 0 | 0 | |a Digital communications. |
| 650 | 0 | 0 | |a Digital media. |
| 852 | |a INST |b LESVOS |e 20140214 |h 303.4833 GAL |p 005100053586 |q 005100053586 |t BK |y 0 | ||
| 901 | |a BIBL1-2014-1 | ||
| 909 | |a Λ |b 179402 | ||
| 922 | |a 1ΕΛΗ |b 201307 |c ΤΜΗΜΑ ΠΟΛΙΤΙΣΜΙΚΗΣ ΤΕΧΝΟΛΟΓΙΑΣ ΚΑΙ ΕΠΙΚΟΙΝΩΝΙΑΣ |d ΙΩΑΝΝΙΔΟΥ | ||
| 970 | |a ΤΖΑΦΕΡΗ |b ΕΥΑΓΓΕΛΙΑ |z 2014/02/12 | ||